Ipswich Town most expensive sales - Statistics

General Stats
  • This quiz has been taken 21 times
  • The average score is 7 of 10
Answer Stats
Sold to Season Price (€) Player % Correct
West Ham United 14/15 4.75 million Aaron Cresswell
89%
Charlton Athletic 05/06 4.5 million Darren Bent
79%
Arsenal 01/02 9 million Richard Wright
79%
Bournemouth 15/16 11.3 million Tyrone Mings
79%
Sunderland 11/12 9 million Connor Wickham
58%
Newcastle United 99/00 9 million Kieron Dyer
58%
Sunderland 02/03 4.88 million Marcus Stewart
58%
Derby County 18/19 5.6 million Martyn Waghorn
58%
Newcastle United 02/03 6.8 million Titus Bramble
58%
Leicester City 01/02 4.5 million James Scowcroft
53%
No matching quizzes found
Score Distribution
Percent of People with Each Score
Percentile by Number Answered
Your Score History
You have not taken this quiz